| 000 | 00638nam a2200193 i 4500 | ||
|---|---|---|---|
| 001 | 87624 | ||
| 003 | ES-MaACL | ||
| 005 | 20251009063054.0 | ||
| 007 | t| | ||
| 008 | 041222s1970 sp ||||1| spa d | ||
| 100 | 1 |
_aKüng, Hans, _d1928- _968961 |
|
| 245 | 1 | 0 |
_aSinceridad y veracidad _b: en torno al futuro de la Iglesia / _cHans Küng ; [versión de Alejandro Esteban Lator]. |
| 260 |
_aBarcelona : _bHerder, _c1970. |
||
| 300 |
_a209 p. ; _c22 cm. |
||
| 650 | 4 |
_aHistoria eclesiástica- _yS.XX. _9146437 |
|
| 700 | 1 |
_aLator Ros, Alejandro Esteban. _970527 |
|
| 852 |
_aES-MaACL _jC-38759 _bR.71909 |
||
| 999 |
_c87624 _d87624 |
||